000 01209cab a2200253 4500
001 ABS68339
008 041011n2004 000 0 eng u
035 _a(Sirsi) u127664
100 _aRoss, P.
245 _aRemediation - taking back the land
260 _c2004
490 _aEnvironment Information Bulletin
_v(142) October 2004, 12-14(3)
520 _aLooks at what to expect for those responsible for contaminated land. Under the Environmental Protection Act 1990 Part IIA, in force since April 2000, landowners are more liable for the cost of remediation, although there are grants available and, in certain circumstances, businesses can claim corporate tax relief. Sets out what organisations are responsible for implementing the contaminated land regime and outlines what methods can be used in remediation. Also mentions using contractors to deal with the site and any problems that may occur.
590 _aABS
650 _aCONTAMINATED LAND
650 _aREMEDIATION
650 _aENVIRONMENTAL PROTECTION ACT 1990
650 _aLANDOWNERS
650 _aLIABILITIES
650 _aBROWNFIELD SITES
690 _aENVIRONMENT-CONTAMINATION
700 _aWaterman, L.
942 _n0
999 _c74564
_d74564